000 00433cas a22001577a 4500
022 0 _a1097-4199
040 _cNSD
082 1 0 _a591 CEL 1999 A057 Or.
245 1 0 _aNeuron
260 _aCambridge, MA :
_bCell Press
500 _aTitle from title screen.
650 0 _aNeurons
710 2 _aThomson Gale (Firm)
856 4 0 _uhttp://MY2VS8LV9P.search.serialssolutions.com/?V=1.0&L=MY2VS8LV9P&S=JCs&C=NEURCAMMA&T=marc
942 _cEK
999 _c14082
_d14082